• 首页
  • 本馆介绍
  • 公告通知
  • 最新文献
  • 馆藏检索
  • 电子资源
  • 读者导购
  • 参考咨询
  • 我的图书馆
  • 登录
  • 详细信息显示
  • 放入我的书架
  • 预约/预借图书
  • 作者相关作品
  • 分类相关作品
  • 丛书相关作品
  • 出版社相关作品

书目信息

  • 表格格式
  • 工作单格式
  • 卡片格式
题名:
微型电焊机的制造与使用
    
 
作者: 陈洪礼 著
分册:  
出版信息: 呼和浩特   内蒙古人民出版社  1977
页数: 141页
开本: 13cm
丛书名:
单 册:
中图分类: TG431
科图分类:
主题词: 电焊—焊机,微型--制造 , 焊机,微型—电焊--制造 , 焊接设备
电子资源:
ISBN:
000 00634nam0 2200241 45 980
001 0659676243
005 20060728163458.23
010    @dCNY0.24
100    @a19971227 m 0
101 0  @achi
102    @aCN@b150000
105    @ay z 000yy
106    @ar
200 10 @a微型电焊机的制造与使用@Awei xing dian han ji de zhi zao yu shi yong@f陈洪礼著
210    @a呼和浩特@c内蒙古人民出版社@d1977
215    @a141页@d13cm
606    @a电焊—焊机,微型@x制造
606    @a焊机,微型—电焊@x制造
606 0  @a焊接设备
690    @aTG431@v3
701  0 @a陈洪礼@4著@Achen hong li
801 0  @c20060728
905    @a10447@dTG431@e19
    
    微型电焊机的制造与使用/陈洪礼著 .-呼和浩特:内蒙古人民出版社,1977
    141页;13cm
    
    
    ISBN :CNY0.24
    
●
相关链接 在E读中查询图书 在五车中查询图书 在当当中查询图书 在豆瓣中查询图书


正题名:微型电焊机的制造与使用     索取号:TG431/19         预约/预借

序号 登录号 条形码 馆藏地/架位号 状态 备注
1 0438999   204389991   密集书库/ [索取号:TG431/19] 在馆    
唐山师范学院图书馆 欢迎您!
大连网信软件有限公司© 版权所有